Catálogo
 En Linea

Cómo suprimir las preocupaciones y disfrutar de la vida / (Registro nro. 39307)

Detalles MARC
000 -CABECERA
campo de control de longitud fija 00538nam a2200169 a 4500
001 - NÚMERO DE CONTROL
campo de control 000039817
005 - FECHA Y HORA DE LA ÚLTIMA TRANSACCIÓN
campo de control 20201002033742.0
008 - DATOS DE LONGITUD FIJA--INFORMACIÓN GENERAL
campo de control de longitud fija 130723s1974 ag 000 0 spa d
040 ## - FUENTE DE LA CATALOGACIÓN
Centro catalogador/agencia de origen DO-SdBNP
Lengua de catalogación spa
Centro/agencia transcriptor BNPHU
082 ## - NÚMERO DE LA CLASIFICACIÓN DECIMAL DEWEY
Número de clasificación xxx
100 1# - ENTRADA PRINCIPAL--NOMBRE DE PERSONA
Nombre de persona Carnegie, Dale
9 (RLIN) 61799
245 10 - MENCIÓN DE TÍTULO
Título Cómo suprimir las preocupaciones y disfrutar de la vida /
Mención de responsabilidad, etc. Dale Carnegie ; traducción Miguel de Hernani.
250 ## - MENCIÓN DE EDICIÓN
Mención de edición 34a ed.
260 ## - PUBLICACIÓN, DISTRIBUCIÓN, ETC.
Lugar de publicación, distribución, etc. Buenos Aires, Argentina :
Nombre del editor, distribuidor, etc. Cosmo,
Fecha de publicación, distribución, etc. 1974.
300 ## - DESCRIPCIÓN FÍSICA
Extensión 343 p. ;
Dimensiones 20 cm.
700 1# - PUNTO DE ACCESO ADICIONAL--NOMBRE DE PERSONA
Nombre de persona Hernani, Miguel de,
Término indicativo de función/relación tr.
9 (RLIN) 4206
Existencias
Estado de retiro Estado de pérdida Restricciones de uso No para préstamo Código de colección Localización permanente Ubicación/localización actual Ubicación en estantería Fecha de adquisición Número de inventario Total de préstamos Signatura topográfica completa Código de barras Fecha visto por última vez Precio válido a partir de Tipo de ítem Koha
      Excluido de préstamo Monografías: Libros y Folletos General General En catalogación 23.07.2013 LF1   xxx 39817-10 25.06.2020 25.06.2020 No se presta

Con tecnología Koha